| 000 | 01932nam a22002897a 4500 | ||
|---|---|---|---|
| 999 |
_c58144 _d58144 |
||
| 003 | Ge_BSU | ||
| 005 | 20210705115913.0 | ||
| 008 | 210630s2021 ge ||||| |||| 00| 0 geo d | ||
| 020 | _a9789941269547 | ||
| 041 | _ageo | ||
| 080 | _a94(479.22)''15'' მ-44 | ||
| 100 |
_aმახარაძე, მირიან _91541 |
||
| 245 |
_aლალა მუსტაფა ფაშას ვაყუფ - ნამეები საქართველოს შესახებ / _cმირიან მახარაძე, ზაზა შაშიკაძე; რედ. ნოდარ შენგელია, ნანი გელოვანი; |
||
| 264 |
_aთბილისი : _bგამომცემლობა Opient - ი, _c2021. |
||
| 300 |
_a268 გვ. ; _b25 სმ. |
||
| 500 | _aკვლევა განხორციელდა შოთა რუსთაველის საქართველოს ეროვნული სამეცნიერო ფონდის ფინანსური მხარდაჭერით. | ||
| 501 | _aგანმარტებითი საძიებ. გვ.227-249 | ||
| 504 | _aბიბლიოგრ. გვ. 253-259 გამოყენებული ლიტერატურა (არქივი) გვ. 249 | ||
| 520 | _aრეზიუმე ინგ. ენ. | ||
| 653 | _aლალა მუსტაფა ფაშა საქართველოში | ||
| 653 | _aისტორია | ||
| 653 | _aსაქართველო ოსმალეთის ურთიერთობები | ||
| 700 |
_aშაშიკაძე, ზაზა _eავტორი _912159 |
||
| 700 |
_aშენგელია, ნოდარ _eრედაქტორი _912160 |
||
| 700 |
_aგელოვანი, ნანი _eრედაქტორი _92344 |
||
| 942 |
_2udc _cBK |
||